Welcome to UE Central Library

Keep Smiling

Zen comes west The present and future of sen buddhidm in western society (Record no. 26025)

MARC details
000 -LEADER
fixed length control field 00655nam a22001937a 4500
005 - DATE AND TIME OF LATEST TRANSACTION
control field 20260414101552.0
008 - FIXED-LENGTH DATA ELEMENTS--GENERAL INFORMATION
fixed length control field 260414b |||||||| |||| 00| 0 eng d
020 ## - INTERNATIONAL STANDARD BOOK NUMBER
International Standard Book Number 9780700703104 (pbk)
040 ## - CATALOGING SOURCE
Transcribing agency UE-CL
082 ## - DEWEY DECIMAL CLASSIFICATION NUMBER
Classification number 294.3927
Item number H888
100 ## - MAIN ENTRY--PERSONAL NAME
Personal name Humphreys, Christmas
245 ## - TITLE STATEMENT
Title Zen comes west The present and future of sen buddhidm in western society
Remainder of title / Christmas Humphreys
260 ## - PUBLICATION, DISTRIBUTION, ETC. (IMPRINT)
Place of publication, distribution, etc London UK:
Name of publisher, distributor, etc Curzon Press,
Date of publication, distribution, etc 1994.
300 ## - PHYSICAL DESCRIPTION
Extent 218 p.
546 ## - LANGUAGE NOTE
Language note English
650 ## - SUBJECT ADDED ENTRY--TOPICAL TERM
Topical term or geographic name as entry element Zen Comes West--Present--Future--Buddhism Western--Society
942 ## - ADDED ENTRY ELEMENTS (KOHA)
Koha item type Books
505 ## - FORMATTED CONTENTS NOTE
Formatted contents note Part I- Zen Comes West<br/>Part II- Class work<br/>Part III- Experiments in Zen
Holdings
Withdrawn status Damaged status Not for loan Home library Current library Date acquired Full call number Barcode Date last seen Price effective from Koha item type
      UE-Central Library UE-Central Library 14.04.2026 294.3927 H888 T5994D 14.04.2026 14.04.2026 Books
Copyright © 2023, University of Education, Lahore. All Rights Reserved.
Email:centrallibrary@ue.edu.pk